History Quiz

Random History or Word Play Quiz

Famous Quotes About 'A' Quiz Stats

 Plays Quiz Updated Apr 3, 2017

Support Sporcle.
Go Orange.
Score 0/28 Timer 08:00
8 Plays Today
% Correct
Answer
93.1%
Anything
91.3%
Alone
91.1%
Accepting
90.8%
Advertisements
90.4%
Actor
89.5%
Art
89.4%
Ant
89.3%
Animals
88.1%
Apple
87.9%
Airplane
87.3%
Annoyance
86.4%
Ambition
86.1%
Absent
85.3%
% Correct
Angels
85%
Acorn
83.1%
Army
83%
Adversity
82.3%
Anger
80.3%
Action
80.2%
Advice
79.1%
Autobiography
78%
Adventure
74.1%
Appreciation
71.4%
Alcohol
70.1%
Aloud
62.4%
Age
60.1%
Arrow
43.4%

You're not logged in!

Compare scores with friends on all Sporcle quizzes.
OR
Log In
Forgot?

From the Vault

Bible Book Endings A-Z

by sproutcm

Who cares about beginnings anyway?
Remove Ads.
Support Sporcle.
Get the best of Sporcle when you Go Orange. This ad-free experience offers more features, more stats, and more fun while also helping to support Sporcle. Thank you for becoming a member.

Show Comments

Extras

Top Quizzes Today


Score Distribution

Your Account Isn't Verified!

In order to create a playlist on Sporcle, you need to verify the email address you used during registration. Go to your Sporcle Settings to finish the process.

Report this User

Report this user for behavior that violates our Community Guidelines.

Details: